000 00467 a2200181 4500
005 20260402142905.0
008 260402b |||||||| |||| 00| 0 eng d
020 _a9789392798399
_cRs. 1895.00
040 _aMAIN
082 _a330.01
_bS17E
100 _aSahoo, Damodar
245 _aEconomic: Models and theories
260 _bSSDN Publishers
_c2025
_aNew Delhi
300 _aviii, 264
650 _aEconomics
650 _aTheory of Economics
942 _cBK
999 _c395967
_d395967